000 01040nam a2200265 i 4500
001 bg
100 1 _aKARMAŃSKA, Anna
245 1 0 _aŚrodki trwałe w prawie bilansowym i podatkowym 2003 :
_bamortyzacja podatkowa i bilansowa, klasyfikacja środków trwałych, inne wybrane przepisy /
_cAnna Karmańska, Ewa Walińska.
260 _aWarszawa :
_bWydaw. AD. Drągowski,
_c2003.
300 _a146 s. ;
_c29 cm.
650 9 _aŚrodki trwałe
_xprawo
_zPolska
_ystan na 2003 r.
650 9 _aŚrodki trwałe
_xklasyfikacja
_xprawo
_zPolska
_ystan na 2003 r.
650 9 _aŚrodki trwałe
_xrachunkowość
650 9 _aAmortyzacja
_xprawo
_zPolska
_ystan na 2003 r.
650 9 _aPodatek dochodowy
_xprawo
_zPolska
_ystan na 2003 r.
700 1 _aWALIŃSKA, Ewa
020 _a8387924865
040 _cBPK
041 0 _apol
080 _a658.2:336.226:657.3](438)
920 _a83-87924-86-5
942 _cKS
008 s pl f |000 0 pol
999 _c42994
_d42994
856 _uhttp://koha.tu.koszalin.pl/cgi-bin/koha/opac-detail.pl?biblionumber=42994
_yKatalog online BPK